3ds Max 4 media animation / (Record no. 179723)
[ view plain ]
| 000 -LEADER | |
|---|---|
| fixed length control field | 00818 a2200229 4500 |
| 003 - CONTROL NUMBER IDENTIFIER | |
| control field | Nust |
| 005 - DATE AND TIME OF LATEST TRANSACTION | |
| control field | 20221028102347.0 |
| 010 ## - LIBRARY OF CONGRESS CONTROL NUMBER | |
| LC control number | 00108084 |
| 020 ## - INTERNATIONAL STANDARD BOOK NUMBER | |
| International Standard Book Number | 0735710597 |
| 040 ## - CATALOGING SOURCE | |
| Transcribing agency | Nust |
| 082 00 - DEWEY DECIMAL CLASSIFICATION NUMBER | |
| Classification number | 006.6,CHI |
| 100 1# - MAIN ENTRY--PERSONAL NAME | |
| Personal name | Chismar, John P. |
| 9 (RLIN) | 101601 |
| 245 10 - TITLE STATEMENT | |
| Title | 3ds Max 4 media animation / |
| Statement of responsibility, etc. | John P. Chismar. |
| 246 30 - VARYING FORM OF TITLE | |
| Title proper/short title | Media animation |
| 260 ## - PUBLICATION, DISTRIBUTION, ETC. | |
| Place of publication, distribution, etc. | Indianapolis : |
| Name of publisher, distributor, etc. | New Riders, |
| Date of publication, distribution, etc. | c2001. |
| 300 ## - PHYSICAL DESCRIPTION | |
| Extent | xviii, 570 p. : |
| Other physical details | ill. (some col.) ; |
| Dimensions | 23 cm. + |
| Accompanying material | 1 computer optical disc (4 3/4 in.) |
| 505 ## - FORMATTED CONTENTS NOTE | |
| Formatted contents note | Part I: Introduction XV Fun house (Page-2), Part II: 2002 vote machine (Page-146), TV 3news open (Page-366), Part III: Real world case studies (Page-480). |
| 650 #0 - SUBJECT ADDED ENTRY--TOPICAL TERM | |
| Topical term or geographic name entry element | Computer animation. |
| 9 (RLIN) | 69260 |
| 650 #0 - SUBJECT ADDED ENTRY--TOPICAL TERM | |
| Topical term or geographic name entry element | Computer graphics. |
| 9 (RLIN) | 1225 |
| 651 ## - SUBJECT ADDED ENTRY--GEOGRAPHIC NAME | |
| Geographic name | (Include CD) |
| 9 (RLIN) | 8953 |
| 942 ## - ADDED ENTRY ELEMENTS (KOHA) | |
| Source of classification or shelving scheme | |
| Koha item type | Book |
| Call number prefix | 006.6,CHI |
| Withdrawn status | Lost status | Source of classification or shelving scheme | Damaged status | Not for loan | Permanent Location | Current Location | Shelving location | Date acquired | Full call number | Barcode | Date last seen | Price effective from | Koha item type | Public note |
|---|---|---|---|---|---|---|---|---|---|---|---|---|---|---|
| Military College of Signals (MCS) | Military College of Signals (MCS) | General Stacks | 12/12/2016 | 006.6,CHI | MCS28558 | 12/08/2016 | 12/12/2016 | Book | Almirah No.7, Shelf No.4 |
